01324nam a2200241Ia 450000100060000000300090000600800410001504000130005604000130006904100130008210000120009510000290010724500120013624500120014825000110016026000110017126000130018226000460019530000560024150007320029765000220102965000310105193421IT-RoPAU130308s9999 xx 000 0 und d aIT-RoPAU cIT-RoPAU aITALIANO aPlaton  gCodice Aut. SPICS: 2491 aCratilo bCratilo a1a ed. aMILANO bBompiani c1989 [1° Ed.:1989 - Ed.Ling.Originale:0] a"290 p. (prefazione: 70; testo: 220 [pagine: 0-0])" aPresentazione di Francesco Maspero Platone Vita e Opere Sommario del Cratilo Etimologia degli Antichi Parola rivelazione Coscienza Linguistica di Platone Parola Comunicazione Personaggi di Cratilo Socrate ed Ermogene Etimologia Negli Altri Dialoghi di Platone Bibliografia Generale testo Greco a Fronte Introduzione Traduzione e Note di Mario Vitali Introduzione ed Enunciazione delle Due Tesi Contrapposte: 1. Ciascuna Cosa Ha un Nome Giusto per Natura e Vale per Tutti. 2. Giustezza del Nome Non è Naturale Ma convenzionale Frutto di Accordi costumi e Usi Metodo Etimologico Nome Definizione Nome immagine Colloquio tra Ermogene e Socrate Terza parte Confutazione della Tesi di Cratillo nel Colloquio tra Socrate e Cratilo aLOGICA FILOSOFICA eCodice materia Spics: 3151